Normal view
MARC view
- Nicoli, Maria Cristina
Entry Personal Name
001 - CONTROL NUMBER
- control field: 6057
003 - CONTROL NUMBER IDENTIFIER
- control field: OSt
005 - DATE AND TIME OF LATEST TRANSACTION
- control field: 20240216144312.0
008 - FIXED-LENGTH DATA ELEMENTS
- fixed length control field: 240216|| aca||aabn | a|a d
040 ## - CATALOGING SOURCE
- Original cataloging agency: OSt
- Transcribing agency: OSt
100 ## - HEADING--PERSONAL NAME
- Personal name: Nicoli, Maria Cristina
670 ## - SOURCE DATA FOUND
- Source citation: Work cat.: (OSt)13975: Shelf life assessment of food /, c2012.
